Sociologie politique : Comportements, acteurs, organisations (notice n° 1568024)
[ vue normale ]
| 000 -LEADER | |
|---|---|
| fixed length control field | 01055cam a2200133 4500500 |
| 005 - DATE AND TIME OF LATEST TRANSACTION | |
| control field | 20251214003854.0 |
| 041 ## - LANGUAGE CODE | |
| Language code of text/sound track or separate title | fre |
| 042 ## - AUTHENTICATION CODE | |
| Authentication code | dc |
| 100 10 - MAIN ENTRY--PERSONAL NAME | |
| Personal name | Douillet, Anne-Cécile |
| Relator term | author |
| 245 00 - TITLE STATEMENT | |
| Title | Sociologie politique : Comportements, acteurs, organisations |
| 260 ## - PUBLICATION, DISTRIBUTION, ETC. | |
| Name of publisher, distributor, etc. | Armand Colin,<br/> |
| Date of publication, distribution, etc. | 2023.<br/> |
| 520 ## - SUMMARY, ETC. | |
| Summary, etc. | Pourquoi vote-t-on pour tel parti ? D’où viennent nos opinions politiques ? Pourquoi l’abstention augmente-t- elle ? Quels sont les ressorts de l’engagement ? Qui sont les élites politiques et comment se structurent les partis ?Cette introduction à la sociologie politique analyse le fonctionnement des démocraties représentatives contemporaines à la lumière des travaux qui ont marqué la discipline et de recherches plus récentes. Les notions essentielles et les principales controverses scientifiques sur les comportements, les élites et les organisations politiques sont richement illustrées d’exemples. |
| 856 41 - ELECTRONIC LOCATION AND ACCESS | |
| Uniform Resource Identifier | <a href="https://shs.cairn.info/sociologie-politique--9782200634810?lang=fr&redirect-ssocas=7080">https://shs.cairn.info/sociologie-politique--9782200634810?lang=fr&redirect-ssocas=7080</a> |
Pas d'exemplaire disponible.




Réseaux sociaux